Trouvez les joueurs masculins les plus titrés - Roland Garros - Statistiques

Statistiques générales
  • Ce quiz a été pris 59 fois
  • Le résultat moyen est 5 sur 12
Statistiques - réponses
Nombre et date de chaques victoires Origines Réponse % Correct
14 victoires : 2005, 2006, 2007, 2008, 2010, 2011, 2012, 2013, 2014, 2017, 2018, 2019, 2020 et 2022 Espagnol Rafael Nadal
100%
3 victoires : 2016, 2021 et 2023 Serbe Novak Djokovic
93%
6 victoires : 1974, 1975, 1978, 1979, 1980 et 1981 Suédois Björn Borg
81%
3 victoires : 1997, 2000 et 2001 Brésilien Gustavo Kuerten
63%
3 victoires : 1925, 1927 et 1929 Français René Lacoste
52%
3 victoires : 1984, 1986 et 1987 Tchèque Ivan Lendl
44%
3 victoires : 1982, 1985 et 1988 Suédois Mats Wilander
39%
5 victoires : 1922, 1926, 1928, 1930 et 1932 Français Henri Cochet
20%
4 victoires : 1894, 1895, 1896 et 1901 Français André Vacherot
2%
3 victoires :1905, 1906 et 1910 Français Maurice Germot
2%
8 victoires : 1903, 1904, 1907, 1908, 1909, 1912, 1913 et 1914 Français Max Decugis
2%
4 victoires : 1897, 1898, 1899 et 1900 Français Paul Aymé
2%
Aucun quiz correspondant
Distribution des résultats
% des personnes avec chaque résultat
Percentile par nombre de réponses
Votre historique - résultats
Vous n’avez pas pris ce quiz